00997nam a2200337 a 450000500170000000800410001704100080005804400070006610000190007324500660009226000530015830000090021165000340022065000180025465000090027265000170028165000160029865000180031465000170033266200600034970000250040970000200043470000210045470000230047570000250049870000320052370000370055570000240059270000200061670000230063620180803164932.0140121b1998 ck ||||| |||| 00| 0 spa d aspa ack aGast, Fernando aCaracterización de la biodiversidad del bosque de los micos aBogotábInstituto Alexander von Humboldtc1998 a56p. aCaracterización biológica aBiodiversidad aAves aVegetación aMamíferos aInvertebrados aArtrópodos aColombiacBosque de Los MicosdVilla de LeyvabBoyacá aMuñoz Saba, Yaneth aForero, Dimitri aRepizzo, Augusto aBello, Juan Carlos aAlvarez R., Mauricio aMendoza Cifuentes, Humberto aVillarreal Leal, Hector Fernando aMartínez, Claudia aStancik, Daniel aArmenteras, Dolors